Soul-winning course. (Record no. 13216)

000 -LEADER
fixed length control field 00652nam a2200193 a 4500
001 - CONTROL NUMBER
control field :::00011034$&:&@@
003 - CONTROL NUMBER IDENTIFIER
control field OkBaRHE
005 - DATE AND TIME OF LATEST TRANSACTION
control field 20000607103405.0
008 - FIXED-LENGTH DATA ELEMENTS--GENERAL INFORMATION
fixed length control field s1960 j 000 0 eng u
040 ## - CATALOGING SOURCE
Transcribing agency
100 1# - MAIN ENTRY--PERSONAL NAME
Personal name Rusthoi, Ralph W.,
245 10 - TITLE STATEMENT
Title Soul-winning course.
260 ## - PUBLICATION, DISTRIBUTION, ETC. (IMPRINT)
Place of publication, distribution, etc Chambersburg, PA., :
Name of publisher, distributor, etc McBeth Corporation
Date of publication, distribution, etc c1960
300 ## - PHYSICAL DESCRIPTION
Extent 79 p. ;
Dimensions 20 cm.
650 ## - SUBJECT ADDED ENTRY--TOPICAL TERM
Topical term or geographic name as entry element Witness Bearing (Christianity)
942 ## - ADDED ENTRY ELEMENTS (KOHA)
Source of classification or shelving scheme
Koha item type Books
Copies
Source of classification or shelving scheme Damaged status Barcode Date last seen Full call number Not for loan Date acquired Withdrawn status Shelving location Koha item type Copy number Price effective from Permanent Location Lost status
  110342010-04-14BV 4520 .S63 2010-04-14 General StacksBooks12010-04-14RHEMA Bible Training College 
  151392010-04-14BV 4520 .S63 2010-04-14 General StacksBooks22010-04-14RHEMA Bible Training College